Open Data Biblioteca Nacional de Portugal


República Portuguesa: Ministério da Cultura
Biblioteca Nacional de Portugal

Catálogo da BNP: acesso por Identificadores Unívocos
Registos Bibliográficos associados ao registo de autoridade

Etiqueta de registo: 00000nam 2200025 450
001 2284072
003 http://id.bnportugal.gov.pt/bib/catbnp/2284072
010 ## $a978-972-576-714-6
021 ## $aPT$b556435/25
100 ## $a20260410d2025 m y0pory01030103ba
101 1# $apor$ceng
102 ## $aPT
105 ## $ay z 000yd
106 ## $ar
200 1# $a A revolução Trump$e uma nova ordem de grandes potências$fAleksandr Dugin$gpref. Carlos Branco$gapresent. M. Jorge C. Castela$gposf. Rui Amiguinho$gtrad. Pedro Perestello, Jorge Castela
210 #9 $a[S.L.]$cDinalivro,$d2025
215 ## $a294 p.$d23 cm
304 ## $aTít. orig.: The Trum revolution : a new order of great powers
700 #1 $aDugin,$bAleksander,$f1962-$31462196
702 #1 $aPerestello,$bPedro$4730$31995335
702 #1 $aAmiguinho,$bRui,$f1970-$4075$31550524
702 #1 $aBranco,$bCarlos,$f1958-$4080$31253557
702 #1 $aCastela,$bManuel Jorge Cardoso$4080$31006343
801 #0 $aPT$bBN$gRPC
966 ## $lBN$mFGMON$x1
966 ## $lBN$mFGMON$x1
971 ## $ccsilva$d20260410

OpendataBNP@bnportugal.pt | Mais informação sobre acesso aos dados BNP